Valor y validez de documentos generados o refrendados por los aborígenes soberanos de las pampas y norpatagonia.

Bibliographic Details
Main Author: Bechis, Martha
Format: Revista
Language:English
Published: Temuco Universidad de la Frontera 2000

MARC

LEADER 00000cas a2200000 a 4500
001 031217
003 UAHC_CL
005 20170803123321.0
008 011115b xx j 000 1 eng
040 |a UAHC_CL  |c UAHC_CL  |d UAHC_CL 
100 1 |a Bechis, Martha 
245 1 0 |a Valor y validez de documentos generados o refrendados por los aborígenes soberanos de las pampas y norpatagonia. 
260 |a Temuco  |b Universidad de la Frontera  |c 2000 
900 |a EDUCACION Y HUMANIDADES-9 
942 |c REV 
952 |0 0  |1 0  |4 0  |6 EDUCACION_Y_HUMANIDADES9  |7 0  |8 General  |9 60917  |a BC  |b BC  |c General  |d 2017-08-03  |l 0  |o EDUCACION Y HUMANIDADES-9  |p 1913  |r 2019-01-15 00:00:00  |t 1  |w 2017-08-03  |y REV 
999 |c 31217  |d 31217